[Event "Chess.com Classic Play In"]
[Site "Chess.com INT"]
[Date "2024.05.08"]
[Round "4"]
[White "Paichadze, Luka"]
[Black "Kovalenko, Igor"]
[Result "1-0"]
[WhiteElo "2509"]
[BlackElo "2674"]
[PlyCount "85"]
[EventDate "2024.05.08"]
[EventType "swiss (rapid)"]
[EventRounds "9"]
[EventCountry "USA"]
[SourceTitle "CB20_2024"]
[SourceDate "2024.05.16"]
[SourceVersion "1"]
[SourceVersionDate "2024.05.16"]
[SourceQuality "1"]

1. e4 d5 2. exd5 Qxd5 3. Nc3 Qa5 4. g3 Nf6 5. Bg2 e5 6. Nge2 Bd6 7. 0-0 0-0 8. d3 c6 9. h3 Nbd7 10. g4 h6 11. Ng3 Re8 12. Nf5 Bf8 13. f4 exf4 14. Bxf4 Qb6+ 15. Kh1 Qxb2 16. Ne2 Nb6 17. Rb1 Qxa2 18. Neg3 Bxf5 19. Nxf5 Nfd5 20. Bd2 g6 21. Nxh6+ Bxh6 22. Bxh6 Re7 23. Qf3 Qxc2 24. Rbe1 Rae8 25. Qxf7+ Rxf7 26. Rxe8+ Kh7 27. Rxf7+ Kxh6 28. h4 Qc1+ 29. Kh2 Qf4+ 30. Rxf4 Nxf4 31. Re7 g5 32. h5 Nbd5 33. Rxb7 Nf6 34. Bf3 Nxd3 35. Rxa7 Ne5 36. Kg3 c5 37. Re7 Ned7 38. Rf7 c4 39. Bc6 c3 40. Bxd7 Ne4+ 41. Kg2 c2 42. Bf5 c1Q 43. Rh7# 1-0

[Event "Chess.com Classic Play In"]
[Site "Chess.com INT"]
[Date "2024.05.08"]
[Round "7"]
[White "Shyam, Sundar M"]
[Black "Kovalenko, Igor"]
[Result "1-0"]
[WhiteElo "2494"]
[BlackElo "2674"]
[PlyCount "177"]
[EventDate "2024.05.08"]
[EventType "swiss (rapid)"]
[EventRounds "9"]
[EventCountry "USA"]
[SourceTitle "CB20_2024"]
[SourceDate "2024.05.16"]
[SourceVersion "1"]
[SourceVersionDate "2024.05.16"]
[SourceQuality "1"]

1. d4 Nf6 2. Nf3 g6 3. e3 Bg7 4. Be2 b6 5. 0-0 Bb7 6. c4 0-0 7. Nc3 d6 8. d5 e5 9. e4 a5 10. Ne1 Nfd7 11. Nd3 Nc5 12. Nxc5 bxc5 13. Nb5 f5 14. exf5 gxf5 15. a4 Bc8 16. Ra3 Nd7 17. Rg3 Kh8 18. Bg5 Nf6 19. Rh3 Qd7 20. Bxf6 Rxf6 21. b3 Qe7 22. Rh5 Qf7 23. Qd2 Rg6 24. f4 e4 25. Rh3 Qe7 26. Kh1 Bf6 27. Re1 Qg7 28. Bh5 Rh6 29. Qe2 Ba6 30. g4 fxg4 31. Qxg4 Bxb5 32. Qxg7+ Bxg7 33. cxb5 Bd4 34. Rxe4 Rg8 35. Re1 Rf6 36. Rf3 Rf5 37. Be8 Rgf8 38. Re7 Bf6 39. Re6 Rxd5 40. Bc6 Rd2 41. Rh3 d5 42. Rhe3 c4 43. bxc4 dxc4 44. Re8 Rxe8 45. Rxe8+ Kg7 46. Rc8 Bd8 47. Be4 c3 48. b6 cxb6 49. Rxc3 Rd4 50. Rg3+ Kf6 51. Bc6 Rc4 52. Bb5 Rxf4 53. Kg2 Rb4 54. Rf3+ Kg7 55. Rd3 Bf6 56. Rd6 Bd4 57. h3 Bc5 58. Rc6 h5 59. Rc7+ Kf6 60. Rh7 h4 61. Kf3 Kg5 62. Rg7+ Kf5 63. Rg4 Rb3+ 64. Kg2 Be7 65. Bd7+ Ke5 66. Rg6 Kd4 67. Rg7 Bf6 68. Rg6 Be5 69. Rg4+ Ke3 70. Rxh4 Rb2+ 71. Kf1 Rf2+ 72. Kg1 Bh2+ 73. Kh1 Bd6 74. Bc6 Rc2 75. Bb5 Kf2 76. Rc4 Rb2 77. Rc1 Be5 78. h4 Kg3 79. Rg1+ Kxh4 80. Rd1 Kg3 81. Rd3+ Kf4 82. Kg1 Ke4 83. Rh3 Kd5 84. Kf1 Bd4 85. Ke1 Kc5 86. Kd1 Kb4 87. Rf3 Rh2 88. Rg3 Bc3 89. Rg6 1-0

[Event "Titled Tuesday intern op 06th Feb Late"]
[Site "Chess.com INT"]
[Date "2024.02.06"]
[Round "8"]
[White "Kovalenko, Igor"]
[Black "Ibarra Jerez, Jose Carlos"]
[Result "1-0"]
[WhiteElo "2674"]
[BlackElo "2559"]
[PlyCount "55"]
[EventDate "2024.02.06"]
[EventType "swiss (blitz)"]
[EventRounds "11"]
[EventCountry "USA"]
[SourceTitle "CB07_2024"]
[SourceDate "2024.02.14"]
[SourceVersion "1"]
[SourceVersionDate "2024.02.14"]
[SourceQuality "1"]

1. c4 e5 2. Nc3 Nf6 3. Nf3 d6 4. d4 e4 5. Ng5 Qe7 6. g3 h6 7. Nh3 c6 8. Bg2 Bf5 9. 0-0 Qd7 10. Nf4 g5 11. f3 exf3 12. exf3 gxf4 13. Bxf4 Bg7 14. Re1+ Kf8 15. Qd2 Na6 16. g4 Bg6 17. h4 h5 18. g5 Ng8 19. Re2 Ne7 20. Rae1 Re8 21. d5 Bxc3 22. Qxc3 Kg8 23. Qf6 Qf5 24. Qxf5 Bxf5 25. Rxe7 Rxe7 26. Rxe7 cxd5 27. Bxd6 d4 28. Be5 1-0

[Event "Titled Tuesday intern op 16th Jan Early"]
[Site "Chess.com INT"]
[Date "2024.01.16"]
[Round "1"]
[White "Kovalenko, Igor"]
[Black "Kopczynski, Michal"]
[Result "1-0"]
[WhiteElo "2674"]
[BlackElo "2225"]
[PlyCount "49"]
[EventDate "2024.01.16"]
[EventType "swiss (blitz)"]
[EventRounds "11"]
[EventCountry "USA"]
[SourceTitle "CB04_2024"]
[SourceDate "2023.10.16"]
[SourceVersion "1"]
[SourceVersionDate "2023.10.16"]
[SourceQuality "1"]

1. c4 d6 2. Nc3 e5 3. g3 f5 4. d4 e4 5. f3 exf3 6. exf3 g6 7. Nh3 Bg7 8. Bg5 Nf6 9. Qe2+ Qe7 10. Qxe7+ Kxe7 11. Nd5+ Kf7 12. Nxc7 Na6 13. Nxa8 Be6 14. Bf4 h6 15. Bxd6 Rxa8 16. d5 Bd7 17. 0-0-0 Rc8 18. Kb1 Nc5 19. Nf2 Na4 20. Nd3 b5 21. Ne5+ Ke8 22. c5 Nxc5 23. Nxg6 f4 24. Re1+ Kd8 25. Be7+ 1-0

[Event "Titled Tuesday intern op 16th Jan Early"]
[Site "Chess.com INT"]
[Date "2024.01.16"]
[Round "3"]
[White "Kovalenko, Igor"]
[Black "Vakhlamov, Igor L"]
[Result "0-1"]
[WhiteElo "2674"]
[BlackElo "2413"]
[PlyCount "52"]
[EventDate "2024.01.16"]
[EventType "swiss (blitz)"]
[EventRounds "11"]
[EventCountry "USA"]
[SourceTitle "CB04_2024"]
[SourceDate "2023.10.16"]
[SourceVersion "1"]
[SourceVersionDate "2023.10.16"]
[SourceQuality "1"]

1. c4 e6 2. Nf3 d5 3. g3 Nf6 4. Bg2 c5 5. 0-0 Nc6 6. b3 Be7 7. e3 0-0 8. Qe2 b6 9. Bb2 Bb7 10. d3 Re8 11. Nbd2 Qc7 12. Rad1 Rad8 13. a3 a6 14. h3 b5 15. g4 Qb6 16. g5 Nh5 17. cxd5 exd5 18. b4 c4 19. h4 Bd6 20. Nd4 Nf4 21. Qg4 Nxd3 22. Ba1 Nxd4 23. Bxd4 Qc7 24. Nf3 Bc8 25. Qh5 g6 26. Qh6 Bf8 0-1

[Event "Titled Tuesday intern op 19th Sep Early"]
[Site "Chess.com INT"]
[Date "2023.09.19"]
[Round "2"]
[White "Kovalenko, Igor"]
[Black "Bodnaruk, Anastasia"]
[Result "1-0"]
[WhiteElo "2674"]
[BlackElo "2340"]
[PlyCount "99"]
[EventDate "2023.09.19"]
[EventType "swiss (blitz)"]
[EventRounds "11"]
[EventCountry "USA"]
[SourceTitle "EXT 2024"]
[Source "ChessBase"]
[SourceDate "2023.10.10"]
[SourceVersion "1"]
[SourceVersionDate "2023.10.10"]
[SourceQuality "1"]

1. c4 e5 2. Nc3 d6 3. g3 Nc6 4. Rb1 a5 5. e3 g6 6. Bg2 Bg7 7. Nge2 f5 8. a3 Nf6 9. b4 axb4 10. axb4 0-0 11. b5 Na5 12. d3 Be6 13. 0-0 Kh8 14. Nd5 Nh5 15. f4 c6 16. bxc6 bxc6 17. Nb4 Qc7 18. Qc2 Nf6 19. Bd2 e4 20. Nd4 exd3 21. Nxd3 Bxc4 22. Bxa5 Qf7 23. Bd2 Ra3 24. Nf2 Bxf1 25. Kxf1 c5 26. Nb5 Ra2 27. Qd3 d5 28. Nc3 Ra3 29. Qc2 d4 30. exd4 cxd4 31. Nb5 Ra2 32. Qd3 Rd8 33. Rc1 Nd5 34. Kg1 Qe7 35. Nh3 Ne3 36. Bf3 h6 37. Nf2 Qe6 38. Nc7 Qd6 39. h4 Ra3 40. Qe2 Qe7 41. h5 g5 42. fxg5 hxg5 43. Nb5 Rb3 44. Rc7 Qe5 45. h6 Bf6 46. Bc6 Qc5 47. Qh5 Rb1+ 48. Kh2 Rg8 49. Qf7 Nf1+ 50. Kg2 1-0

[Event "AI Cup Play In"]
[Site "Chess.com INT"]
[Date "2023.09.18"]
[Round "2"]
[White "Artemiev, Vladislav"]
[Black "Kovalenko, Igor"]
[Result "1/2-1/2"]
[WhiteElo "2697"]
[BlackElo "2674"]
[PlyCount "105"]
[EventDate "2023.09.18"]
[EventType "swiss (rapid)"]
[EventRounds "9"]
[EventCountry "USA"]
[SourceTitle "EXT 2024"]
[Source "ChessBase"]
[SourceDate "2023.10.10"]
[SourceVersion "1"]
[SourceVersionDate "2023.10.10"]
[SourceQuality "1"]

1. Nf3 Nf6 2. c4 b6 3. g3 c5 4. Bg2 Bb7 5. 0-0 g6 6. b3 Bg7 7. Bb2 0-0 8. e3 d5 9. d4 dxc4 10. bxc4 cxd4 11. exd4 Nc6 12. Nbd2 Rc8 13. Ne5 e6 14. Rc1 Rc7 15. Nb3 Nxe5 16. dxe5 Nd7 17. Bxb7 Rxb7 18. Qe2 Qc7 19. Ba3 Nc5 20. f4 Nxb3 21. axb3 Rc8 22. Bd6 Qc6 23. b4 Bf8 24. Rfd1 a5 25. b5 Qe8 26. Qe3 Be7 27. Kf2 Kg7 28. Bxe7 Qxe7 29. Rd6 Rc5 30. Qd4 a4 31. Ra1 Ra7 32. Rxb6 Qc7 33. Qd6 Rxc4 34. Qxc7 Raxc7 35. Rc6 R7xc6 36. bxc6 h6 37. c7 Rxc7 38. Rxa4 Rc2+ 39. Kg1 g5 40. fxg5 hxg5 41. Rg4 Kh6 42. h4 gxh4 43. Rxh4+ Kg6 44. Rg4+ Kf5 45. Rf4+ Kg6 46. Rg4+ Kh6 47. Rh4+ Kg7 48. Rg4+ Kf8 49. Re4 Ke7 50. Kf1 Kf8 51. Kg1 Ke7 52. Kf1 Kf8 53. Kg1 1/2-1/2

[Event "Titled Tuesday intern op 29th Aug Early"]
[Site "Chess.com INT"]
[Date "2023.08.29"]
[Round "9"]
[White "Bortnyk, Olexandr"]
[Black "Kovalenko, Igor"]
[Result "0-1"]
[WhiteElo "2608"]
[BlackElo "2674"]
[PlyCount "84"]
[EventDate "2023.08.29"]
[EventType "swiss (blitz)"]
[EventRounds "11"]
[EventCountry "USA"]
[SourceTitle "EXT 2024"]
[Source "ChessBase"]
[SourceDate "2023.10.10"]
[SourceVersion "1"]
[SourceVersionDate "2023.10.10"]
[SourceQuality "1"]

1. d4 Nf6 2. Nc3 d5 3. Bf4 a6 4. e3 b5 5. a3 Nbd7 6. b4 c6 7. Nf3 a5 8. Bxb5 Qb6 9. Bd3 Nh5 10. Na4 Qa7 11. Nc5 axb4 12. 0-0 Nxc5 13. dxc5 bxa3 14. Be5 Qxc5 15. Nd4 Nf6 16. Nb3 Qb4 17. c3 Qg4 18. f3 Qh5 19. Bg3 e6 20. Nd4 Bd7 21. Qb3 Bc5 22. Qb7 0-0 23. Nxc6 Bxc6 24. Qxc6 Rfc8 25. Qb7 Bxe3+ 26. Kh1 Bc5 27. c4 dxc4 28. Bxc4 h6 29. Rfd1 Rd8 30. Rxd8+ Rxd8 31. Qc7 Rd4 32. Bb3 Rd2 33. h3 Qg5 34. h4 Qe3 35. Ba4 Nh5 36. Qc8+ Kh7 37. Be1 Re2 38. Bc3 Ng3+ 39. Kh2 Nf5 40. Bxg7 Nxg7 41. Rd1 Qf4+ 42. Kh1 Qxh4# 0-1

[Event "Speed Chess Q2 Sw"]
[Site "Chess.com INT"]
[Date "2023.08.23"]
[Round "12"]
[White "Ter Sahakyan, Samvel"]
[Black "Kovalenko, Igor"]
[Result "1-0"]
[WhiteElo "2609"]
[BlackElo "2674"]
[PlyCount "65"]
[EventDate "2023.08.23"]
[EventType "swiss (blitz)"]
[EventRounds "14"]
[EventCountry "USA"]
[SourceTitle "CBM 215 Extra"]
[Source "ChessBase"]
[SourceDate "2023.09.30"]
[SourceVersion "1"]
[SourceVersionDate "2023.09.30"]
[SourceQuality "1"]

1. e4 c5 2. Nf3 e6 3. g3 Nc6 4. Bg2 Nf6 5. d3 d6 6. 0-0 Be7 7. Re1 Qc7 8. c3 0-0 9. d4 d5 10. e5 Ne4 11. Nbd2 Nxd2 12. Bxd2 Bd7 13. h4 b5 14. Bg5 c4 15. Qd2 a5 16. h5 Bxg5 17. Nxg5 h6 18. Nh3 b4 19. g4 Qd8 20. Re3 Qh4 21. Rg3 bxc3 22. bxc3 Rab8 23. g5 hxg5 24. Nxg5 Qxh5 25. Bf3 Qg6 26. Kg2 Ne7 27. Rh1 Nf5 28. Bh5 Nxg3 29. Bxg6 Nxh1 30. Bh7+ Kh8 31. Qd1 g6 32. Qxh1 Kg7 33. Bg8 1-0

[Event "Titled Tuesday intern op 22nd Aug Early"]
[Site "Chess.com INT"]
[Date "2023.08.22"]
[Round "1"]
[White "Yedidia, Daniel"]
[Black "Kovalenko, Igor"]
[Result "0-1"]
[WhiteElo "2056"]
[BlackElo "2674"]
[PlyCount "64"]
[EventDate "2023.08.22"]
[EventType "swiss (blitz)"]
[EventRounds "11"]
[EventCountry "USA"]
[SourceTitle "EXT 2024"]
[Source "ChessBase"]
[SourceDate "2023.10.10"]
[SourceVersion "1"]
[SourceVersionDate "2023.10.10"]
[SourceQuality "1"]

1. d4 Nf6 2. c4 e6 3. Nc3 Bb4 4. e3 c5 5. Nge2 d6 6. g3 d5 7. cxd5 Qxd5 8. Rg1 cxd4 9. exd4 Qd8 10. Bg2 0-0 11. Bg5 Nbd7 12. Qb3 Be7 13. 0-0-0 h6 14. Bf4 Nb6 15. Kb1 a5 16. a4 Nfd5 17. Nxd5 exd5 18. Nc3 Be6 19. Rge1 Bb4 20. Re2 Rc8 21. Nb5 Bg4 22. f3 Bf5+ 23. Ka1 Re8 24. Rxe8+ Qxe8 25. Qe3 Qxe3 26. Bxe3 Nxa4 27. Rc1 Re8 28. Bf4 Nxb2 29. Nc7 Re2 30. Bf1 Rf2 31. Nxd5 Ba3 32. g4 Be6 0-1